Solved Problems in Physics for IIT JEE Advanced/ (Record no. 165533)

MARC details
000 -LEADER
fixed length control field 00539nam a22001817a 4500
005 - DATE AND TIME OF LATEST TRANSACTION
control field 20190621112527.0
010 ## - LCCN (DPL NO)
LC control number B-125695
020 ## - INTERNATIONAL STANDARD BOOK NUMBER
International Standard Book Number 9789388704069
Terms of availability 297.00
035 ## - SYSTEM CONTROL NUMBER
System control number EN-109227
037 ## - SOURCE OF ACQUISITION
Source of stock number/acquisition DBAD/PUB
082 ## - DEWEY DECIMAL CLASSIFICATION NUMBER
Classification number 530
100 ## - MAIN ENTRY--PERSONAL NAME
Personal name Mathur, S B
245 ## - TITLE STATEMENT
Title Solved Problems in Physics for IIT JEE Advanced/
Statement of responsibility, etc by S B Mathur
260 ## - PUBLICATION, DISTRIBUTION, ETC. (IMPRINT)
Place of publication, distribution, etc Delhi
Name of publisher, distributor, etc Bharati Bhawan
Date of publication, distribution, etc 2017
270 ## - ADDRESS
Address 4271/3 Ansari Road,
City Daryaganj, New Delhi
Postal code 110002
Telephone number 23286557
300 ## - PHYSICAL DESCRIPTION
Extent vi,314p.
Dimensions 21cm(pbk)
942 ## - ADDED ENTRY ELEMENTS (KOHA)
Source of classification or shelving scheme Dewey Decimal Classification
Item type English Books
Classification part 530
Call number suffix MAT
Holdings
Withdrawn status Lost status Not for loan Collection code Home library Current library Date acquired Source of acquisition Cost, normal purchase price Full call number Barcode Copy number Cost, replacement price Koha item type
      Non-fiction Central Library Central Library 21/06/2019 DBAD/PUB 297.00 530 MAT EN-109227 1 297.00 English Books

© Delhi Public Library
Hit Counter
free hit counter